| 000 | 00897nam a22002177a 4500 | ||
|---|---|---|---|
| 999 |
_c15594 _d15594 |
||
| 003 | AR-CdUCM | ||
| 008 | 190429b ||||| |||| 00| 0 spa d | ||
| 040 |
_aMUNICIPALIDAD PROVINCIAL DEL CUSCO _cBIBLIOTECA MUNICIPAL DEL CUSCO |
||
| 082 |
_a375.1 / _bM61 / 1980 |
||
| 110 |
_aMinisterio de Educación _97325 |
||
| 245 |
_aActividades educativas 1980 : _bdirectiva Nº 05-ME/AT-80 / |
||
| 260 |
_aLima : _bMinisterio de educacion, _c1980. |
||
| 300 |
_a132 páginas ; _c21 cm. |
||
| 505 | _aContenido: Con los objetivos, alcance y orientaciones de los programas para los diversos niveles de educación incluyendo educación superior, bilingüe y especial, programas del calendario cívico escolar. | ||
| 650 |
_aEducación _9460 |
||
| 650 |
_aPlanes y programas _93592 |
||
| 650 |
_aPerú _935 |
||
| 650 |
_aCalendario cívico escolar _934723 |
||
| 942 |
_2ddc _cLIBROS |
||
| 945 |
_aacv _d2019-04-29 |
||